000 00327nam a2200133Ia 4500
008 240112s1986 xx 000 0 und d
022 _a08151-7316-4,0084-3873
041 _aeng
082 _a616.05
100 _aROGERS D.E.
245 _aYEAR BOOK OF MEDICINE
260 _bYEAR BOOK OF MED.PUB.
_c1986
300 _a839,HB
999 _c1140954
_d1140954